Materials science and engineering (Record no. 4749)

000 -LEADER
fixed length control field 00612nam a2200229 a 4500
001 - CONTROL NUMBER
control field 4749
003 - CONTROL NUMBER IDENTIFIER
control field BD-DhUET
008 - FIXED-LENGTH DATA ELEMENTS--GENERAL INFORMATION
fixed length control field 081023c20089999nyuuu p o 0 a0eng d
020 ## - INTERNATIONAL STANDARD BOOK NUMBER
International Standard Book Number 9780470504861
020 ## - INTERNATIONAL STANDARD BOOK NUMBER
International Standard Book Number 9780470505861
040 ## - CATALOGING SOURCE
Original cataloging agency DLC
Language of cataloging DLC
Transcribing agency 0
Modifying agency BD-DhUET
082 ## - DEWEY DECIMAL CLASSIFICATION NUMBER
Edition number 620.1
Item number CAL/2011
100 ## - MAIN ENTRY--PERSONAL NAME
Personal name Callister, William D.
245 10 - TITLE STATEMENT
Title Materials science and engineering
250 ## - EDITION STATEMENT
Edition statement 8th ed.
260 ## - PUBLICATION, DISTRIBUTION, ETC. (IMPRINT)
Place of publication, distribution, etc. New Jersey
Name of publisher, distributor, etc. John Wiley & Sons
Date of publication, distribution, etc. 2011
300 ## - PHYSICAL DESCRIPTION
Extent xxiii, 885p.+various paging
504 ## - BIBLIOGRAPHY, ETC. NOTE
Bibliography, etc Includes bibliographies
650 #0 - SUBJECT ADDED ENTRY--TOPICAL TERM
Topical term or geographic name as entry element Materials science
700 ## - ADDED ENTRY--PERSONAL NAME
Personal name Rethwisch, David G.
942 ## - ADDED ENTRY ELEMENTS (KOHA)
Koha item type General Book
Holdings
Location (home branch) Koha date last seen Withdrawn status Not for loan Koha out on loan Piece designation (barcode) Sublocation or collection (holding branch) Copy number Damaged status Koha full call number Source of classification or shelving scheme Date acquired Price effective from Shelving location Koha item type Koha date last borrowed Koha normalized classification for sorting Koha issues (times borrowed) Lost status
Central Library, BUET2026-02-03   109792Central Library, BUET1 620.1/CAL/2011 2014-11-192014-11-19Circulation sectionGeneral Book2023-06-05620_000000000000000_1CAL201115 
Central Library, BUET2024-11-03  2024-11-17110605Central Library, BUET2 620.1/CAL/2011  2012-05-272018-05-20Circulation sectionGeneral Book2024-11-03620_100000000000000_CAL_201117